प्लाईट इन टू डेंजर. (Record no. 269945)

MARC details
000 -LEADER
fixed length control field 00645nam a2200181Ia 4500
008 - FIXED-LENGTH DATA ELEMENTS--GENERAL INFORMATION
fixed length control field 090630s9999 xx 000 0 und d
082 ## - DEWEY DECIMAL CLASSIFICATION NUMBER
Item number 18089
100 ## - MAIN ENTRY--PERSONAL NAME
Personal name ऑर्थर हॅली.
245 ## - TITLE STATEMENT
Title प्लाईट इन टू डेंजर.
Statement of responsibility, etc ऑर्थर हॅली.
260 ## - PUBLICATION, DISTRIBUTION, ETC. (IMPRINT)
Name of publisher, distributor, etc प्राजक्ता - पुणे.
Date of publication, distribution, etc 2000
300 ## - PHYSICAL DESCRIPTION
Extent 128
600 ## - SUBJECT ADDED ENTRY--PERSONAL NAME
Personal name ऑर्थर हॅली.
630 ## - SUBJECT ADDED ENTRY--UNIFORM TITLE
Uniform title प्लाईट इन टू डेंजर.
655 ## - INDEX TERM--GENRE/FORM
Genre/form data or focus term कादंबरी.
700 ## - ADDED ENTRY--PERSONAL NAME
Personal name ऑर्थर हॅली.
730 ## - ADDED ENTRY--UNIFORM TITLE
Uniform title प्लाईट इन टू डेंजर.
942 ## - ADDED ENTRY ELEMENTS (KOHA)
Koha item type Book
Holdings
Withdrawn status Lost status Damaged status Not for loan Home library Current library Date acquired Cost, normal purchase price Total Checkouts Full call number Barcode Date last seen Cost, replacement price Price effective from Koha item type
        Sarvajanik Wachanalaya Shrivardhan Sarvajanik Wachanalaya Shrivardhan 02/08/2004 110.00   18089 SAWASHRI-18089 06/30/2009 110.00 06/30/2009 Book